|
|
|
|
| LEADER |
00000nam2a2200000 4500 |
| 001 |
206948 |
| 005 |
20231031190855.0 |
| 010 |
|
|
|a 9785996307210
|
| 035 |
|
|
|a (RuTPU)RU\TPU\book\225684
|
| 090 |
|
|
|a 206948
|
| 100 |
|
|
|a 20120119d2012 m y0rusy50 ca
|
| 101 |
0 |
|
|a rus
|
| 102 |
|
|
|a RU
|
| 105 |
|
|
|a a j 001zy
|
| 200 |
0 |
|
|a Ч. 2
|
| 210 |
|
|
|d 2012
|
| 215 |
|
|
|a 528 с.
|c ил.
|
| 320 |
|
|
|a Библиография в конце разделов.
|
| 330 |
|
|
|a Учебник состоит из двух частей и содержит материал по всем разделам информатики, определяющим базовый уровень подготовки бакалавра любого направления обучения. Вторая часть учебника включает четыре раздела, содержащих сведения по прикладным вопросам информатики. В ней даются сведения о структуре и классах программного обеспечения, операционных системах, средствах и методах разработки программных продуктов. Особое внимание уделено прикладному программному обеспечению, которое используется широким кругом специалистов, — текстовым процессорам, электронным таблицам, системам презентаций, СУБД, системам статистической обработки данных, компьютерной математике и др. Для опытных пользователей дан раздел по разработке интеллектуальных офисных приложений с использованием Visual Basic Application. Достаточно подробно рассмотрены вопросы разработки веб-сайтов и приложений.Учебник предназначен для студентов вузов, изучающих дисциплину "Инфрматика" преподавателей, слушателей институтов повышения квалификации и широкого круга пользователей персональных компьютеров.
|
| 461 |
|
1 |
|0 (RuTPU)RU\TPU\book\231263
|y 978-5-9963-0719-7
|t Информатика
|o учебник: в 2 ч.
|f под ред. С. В. Назарова
|v Ч. 2
|d 2012
|s Основы информационных технологий
|
| 606 |
1 |
|
|a Информатика
|2 stltpush
|3 (RuTPU)RU\TPU\subj\36202
|
| 610 |
1 |
|
|a информационные технологии
|
| 610 |
1 |
|
|a программное обеспечение
|
| 610 |
1 |
|
|a классификация
|
| 610 |
1 |
|
|a операционные системы
|
| 610 |
1 |
|
|a инструментальное обеспечение
|
| 610 |
1 |
|
|a программные системы
|
| 610 |
1 |
|
|a жизненный цикл
|
| 610 |
1 |
|
|a прикладное программное обеспечение
|
| 610 |
1 |
|
|a текстовая информация
|
| 610 |
1 |
|
|a редактирование
|
| 610 |
1 |
|
|a компьютерные системы
|
| 610 |
1 |
|
|a электронные таблицы
|
| 610 |
1 |
|
|a базы данных
|
| 610 |
1 |
|
|a данные
|
| 610 |
1 |
|
|a СУБД
|
| 610 |
1 |
|
|a системы управления базами данных
|
| 610 |
1 |
|
|a презентации
|
| 610 |
1 |
|
|a органайзер
|
| 610 |
1 |
|
|a статистическая обработка
|
| 610 |
1 |
|
|a компьютерная математика
|
| 610 |
1 |
|
|a Microsoft Office
|
| 610 |
1 |
|
|a Visual Basic
|
| 610 |
1 |
|
|a программирование
|
| 610 |
1 |
|
|a веб-приложения
|
| 610 |
1 |
|
|a веб-сайты
|
| 610 |
1 |
|
|a проектирование
|
| 610 |
1 |
|
|a назначение
|
| 610 |
1 |
|
|a архитектура
|
| 610 |
1 |
|
|a учебники
|
| 675 |
|
|
|a 004(075.8)
|v 4
|
| 801 |
|
1 |
|a RU
|b 63413507
|c 20120119
|
| 801 |
|
2 |
|a RU
|b 63413507
|c 20150422
|g RCR
|
| 900 |
|
|
|a Информатика
|
| 942 |
|
|
|c BK
|
| 951 |
|
|
|b 230700
|
| 959 |
|
|
|a 101/20111228
|d 2
|e 275,00
|f ЧЗТЛ:1
|f АНЛ:1
|